Динамика развития гравитационных процессов г. Барнаула; Проблемы геологии и освоения недр; Т. 1

Λεπτομέρειες βιβλιογραφικής εγγραφής
Parent link:Проблемы геологии и освоения недр: труды XX Международного симпозиума имени академика М. А. Усова студентов и молодых ученых, посвященного 120-летию со дня основания Томского политехнического университета, Томск, 4-8 апреля 2016 г./ Национальный исследовательский Томский политехнический университет (ТПУ), Институт природных ресурсов (ИПР) ; Общество инженеров-нефтяников, международная некоммерческая организация, Студенческий чаптер ; под ред. А. Ю. Дмитриева.— , 2016
Т. 1.— 2016.— [С. 594-596]
Κύριος συγγραφέας: Сотников П. В.
Συγγραφή απο Οργανισμό/Αρχή: Национальный исследовательский Томский политехнический университет (ТПУ) Институт природных ресурсов (ИПР) Кафедра гидрогеологии, инженерной геологии и гидрогеоэкологии (ГИГЭ)
Άλλοι συγγραφείς: Строкова Л. А. Людмила Александровна (научный руководитель)
Περίληψη:Заглавие с экрана
Γλώσσα:Ρωσικά
Έκδοση: 2016
Σειρά:Гидрогеология и инженерная геология. Геоинформационные системы в гидрогеологических исследованиях
Θέματα:
Διαθέσιμο Online:http://earchive.tpu.ru/handle/11683/31733
Μορφή: Ηλεκτρονική πηγή Κεφάλαιο βιβλίου
KOHA link:https://koha.lib.tpu.ru/cgi-bin/koha/opac-detail.pl?biblionumber=619564

MARC

LEADER 00000naa2a2200000 4500
001 619564
005 20231101133052.0
035 |a (RuTPU)RU\TPU\conf\18000 
035 |a RU\TPU\conf\17998 
090 |a 619564 
100 |a 20160824d2016 k y0rusy50 ca 
101 0 |a rus 
102 |a RU 
105 |a y z 100zy 
135 |a drcn ---uucaa 
181 0 |a i  
182 0 |a b 
200 1 |a Динамика развития гравитационных процессов г. Барнаула  |f П. В. Сотников  |g науч. рук. Л. А. Строкова 
203 |a Текст  |c электронный 
225 1 |a Гидрогеология и инженерная геология. Геоинформационные системы в гидрогеологических исследованиях 
230 |a 1 компьютерный файл (pdf; 255 Kb) 
300 |a Заглавие с экрана 
320 |a [Библиогр.: с. 596 (4 назв.)] 
461 1 |0 (RuTPU)RU\TPU\conf\17456  |t Проблемы геологии и освоения недр  |o труды XX Международного симпозиума имени академика М. А. Усова студентов и молодых ученых, посвященного 120-летию со дня основания Томского политехнического университета, Томск, 4-8 апреля 2016 г.  |o в 2 т.  |f Национальный исследовательский Томский политехнический университет (ТПУ), Институт природных ресурсов (ИПР) ; Общество инженеров-нефтяников, международная некоммерческая организация, Студенческий чаптер ; под ред. А. Ю. Дмитриева  |d 2016 
463 1 |0 (RuTPU)RU\TPU\conf\17457  |t Т. 1  |v [С. 594-596]  |d 2016 
610 1 |a труды учёных ТПУ 
610 1 |a электронный ресурс 
610 1 |a развитие 
610 1 |a гравитационные процессы 
610 1 |a Барнаул 
610 1 |a оползневые участки 
610 1 |a оползни 
610 1 |a техногенные процессы 
700 1 |a Сотников  |b П. В. 
702 1 |a Строкова  |b Л. А.  |c геолог  |c профессор Томского политехнического университета, доктор геолого-минералогических наук  |f 1963-  |g Людмила Александровна  |2 stltpush  |4 727 
712 0 2 |a Национальный исследовательский Томский политехнический университет (ТПУ)  |b Институт природных ресурсов (ИПР)  |b Кафедра гидрогеологии, инженерной геологии и гидрогеоэкологии (ГИГЭ)  |h 100  |2 stltpush  |3 (RuTPU)RU\TPU\col\18664 
801 2 |a RU  |b 63413507  |c 20170327  |g RCR 
856 4 |u http://earchive.tpu.ru/handle/11683/31733 
942 |c BK